|
|
|
|
| LEADER |
00964nam a2200301 4500 |
| 001 |
DLU090097256 |
| 005 |
##20091201 |
| 040 |
# |
# |
|a DLU
|b eng
|
| 041 |
# |
# |
|a eng
|
| 044 |
# |
# |
|a us
|
| 100 |
# |
# |
|a Moerman, Robert.
|
| 245 |
# |
# |
|a A coverslip method for controlled parallel sample introduction into arrays of (sub)nanoliter wells for quantitative analysis /
|c Robert Moerman, Gijs W. K. van Dedem.
|
| 653 |
# |
# |
|a Coverslip
|
| 653 |
# |
# |
|a Enzymatic method
|
| 653 |
# |
# |
|a Methyl methacrylate polymer
|
| 653 |
# |
# |
|a Quantitative analysis
|
| 653 |
# |
# |
|a Rhodamine
|
| 700 |
# |
# |
|a Dedem, Gijs W. K. van.
|
| 773 |
# |
# |
|t Analytical Chemistry
|g Vol. 75, no. 16 (August 2003), p. 4132-4138
|
| 920 |
# |
# |
|a Phòng Tạp chí -- Trung tâm Thông tin - Thư viện Trường Đại học Đà Lạt
|
| 994 |
# |
# |
|a DLU
|
| 900 |
# |
# |
|a True
|
| 911 |
# |
# |
|a Trương Bảo Trâm Anh
|
| 925 |
# |
# |
|a G
|
| 926 |
# |
# |
|a A
|
| 927 |
# |
# |
|a BB
|
| 980 |
# |
# |
|a Thư viện Trường Đại học Đà Lạt
|